[Event "PRVA LIGA CS 2020"]
[Site "Bajina basta"]
[Date "2020.10.12"]
[Round "4.6"]
[White "Drenchev, Petar"]
[Black "Kostic, Vladimir G"]
[Result "1/2-1/2"]
[WhiteElo "2434"]
[BlackElo "2289"]
[PlyCount "23"]
[EventDate "2020.10.10"]
[WhiteTeam "ASK - Arandjelovac"]
[BlackTeam "KRUSIK - Valjevo"]

1. e4 c5 2. Nf3 d6 3. d4 cxd4 4. Nxd4 Nf6 5. Nc3 g6 6. Be3 Bg7 7. f3 O-O 8. Qd2
Nc6 9. O-O-O d5 10. exd5 Nxd5 11. Nxc6 bxc6 12. Bd4 1/2-1/2

[Event "PRVA LIGA CS 2020"]
[Site "Bajina basta"]
[Date "2020.10.12"]
[Round "4.6"]
[White "Sredojevic, Ivan"]
[Black "Pikula, Dejan"]
[Result "1/2-1/2"]
[WhiteElo "2258"]
[BlackElo "2421"]
[PlyCount "35"]
[EventDate "2020.10.10"]
[WhiteTeam "KRUSIK - Valjevo"]
[BlackTeam "ASK - Arandjelovac"]

1. e4 c6 2. d4 d5 3. Nc3 dxe4 4. Nxe4 Bf5 5. Ng3 Bg6 6. h4 h6 7. Nf3 Nd7 8. h5
Bh7 9. Bd3 Bxd3 10. Qxd3 e6 11. Bd2 Ngf6 12. O-O-O Be7 13. Ne4 Nxe4 14. Qxe4
Nf6 15. Qe2 Qd5 16. Kb1 Qe4 17. Qxe4 Nxe4 18. Be3 1/2-1/2

[Event "PRVA LIGA CS 2020"]
[Site "Bajina basta"]
[Date "2020.10.12"]
[Round "4.6"]
[White "Brkljaca, Ante"]
[Black "Zivkovic, Sava"]
[Result "1/2-1/2"]
[WhiteElo "2266"]
[BlackElo "2297"]
[PlyCount "23"]
[EventDate "2020.10.10"]
[WhiteTeam "ASK - Arandjelovac"]
[BlackTeam "KRUSIK - Valjevo"]

1. e4 c5 2. Nf3 Nc6 3. d4 cxd4 4. Nxd4 g6 5. c4 Bg7 6. Be3 Nf6 7. Nc3 O-O 8.
Be2 d6 9. O-O Bd7 10. Rc1 Nxd4 11. Bxd4 Bc6 12. f3 1/2-1/2